Music Quiz

Random Music or Numbers Quiz
Score 0/84 Timer 10:00
4 Plays Today
Single(s) Artist % Correct
Crazy In Love, Baby Boy,
Check On It, Irreplaceable,
Single Ladies
Beyoncé
91.4%
SexyBack, My Love, What Goes Around...Comes Around Justin Timberlake
87.5%
Hips Don't LieShakira
86.3%
Boom Boom Pow,
I Gotta Feeling
Black Eyed Peas
85.8%
I Kissed A Girl Katy Perry
84.9%
SOS, Umbrella, Take A Bow, DisturbiaRihanna
84.8%
Just Dance, Poker Face Lady Gaga
84.5%
Womanizer, 3Britney Spears
83.2%
Hot In Herre, Dilemma,
Shake Ya Tailfeather, Grillz
Nelly
82.9%
In Da Club, 21 Questions, Candy Shop 50 Cent
81.6%
London Bridge, Glamorous,
Big Girls Don't Cry
Fergie
81.5%
Lose Yourself, Crack A BottleEminem
80.9%
Hollaback Girl Gwen Stefani
80.8%
Gold Digger, StrongerKanye West
80.5%
Empire State of MindJay-Z
79.3%
U Remind Me, U Got It Bad, Yeah!, Burn, Confessions Part II, My Boo, Love In This Club Usher
78.4%
Viva La VidaColdplay
78.4%
Say My Name, Independent Women Part I, BootyliciousDestiny's Child
77.4%
What A Girl Wants, Come On Over Baby, Lady MarmaladeChristina Aguilera
77.2%
Ms. Jackson, Hey Ya!,
The Way You Move
OutKast
76.5%
Lady Marmalade, So What Pink
72.3%
Whatever You Like,
Live Your Life
T.I.
71.2%
A Moment Like This, My Life Would Suck Without You Kelly Clarkson
70.6%
Thank God I Found You, We Belong Together, Don't Forget About Us, Touch My Body Mariah Carey
69%
Fallin', My Boo, No One Alicia Keys
66.3%
Hey There DelilahPlain White T's
66.1%
Promiscuous, Say It Right Nelly Furtado
65.4%
DownJay Sean
63.9%
Single(s) Artist % Correct
Bleeding LoveLeona Lewis
63.5%
Smooth, Maria MariaSantana
63%
Drop It Like It's Hot Snoop Dogg
61%
Low, Right RoundFlo Rida
59.9%
You're Beautiful James Blunt
58.7%
FirefliesOwl City
58.1%
Lollipop Lil Wayne
57.1%
It's Gonna Be Me'N Sync
57%
How You Remind MeNickelback
56.6%
Run It!, Kiss KissChris Brown
55.2%
Get Busy, Temperature Sean Paul
53.5%
With Arms Wide OpenCreed
53.3%
Crank ThatSoulja Boy Tell'em
52.2%
It Wasn't Me, Angel Shaggy
51.3%
Beautiful GirlsSean Kingston
49.8%
MusicMadonna
48.2%
Bad Day Daniel Powter
47.2%
GirlfriendAvril Lavigne
46.9%
Buy U A Drank T-Pain
46.4%
Lady MarmaladeLil' Kim
46.1%
Whatcha SayJason DeRulo
44.3%
Goodies Ciara
42.4%
I Wanna Love You, Don't Matter Akon
40%
I'm Real, Ain't It Funny,
All I Have
Jennifer Lopez
38.3%
So Sick Ne-Yo
37.9%
Stand Up, Money Maker Ludacris
37.4%
Makes Me Wonder Maroon 5
37.3%
Lady MarmaladeMya
36.8%
Single(s) Artist % Correct
Ridin'Chamillionaire
35.4%
Doesn't Really Matter,
All For You
Janet Jackson
34.2%
This Is Why I'm Hot MIMS
30.1%
Family Affair Mary J. Blige
30%
AmazedLonestar
29.8%
Shake Ya Tailfeather Diddy
29.2%
FoolishAshanti
28%
BentMatchbox Twenty
26%
Always On TimeJa Rule
24.9%
Give It To Me Timbaland
24.5%
I Knew I Loved YouSavage Garden
23.8%
Try AgainAaliyah
23.6%
Let Me Love You Mario
22.5%
ButterflyCrazy Town
20.9%
Bump, Bump, BumpB2K
19.6%
Lean Back Terror Squad
18.5%
Inside Your Heaven Carrie Underwood
18.4%
Slow Jamz Twista
18.3%
Everything You WantVertical Horizon
16.1%
Laffy Taffy D4L
16.1%
StutterJoe
15.6%
Shake Ya Tailfeather Murphy Lee
14%
Slow Motion Juvenile
13.4%
Do I Make You Proud Taylor Hicks
9.3%
Be With YouEnrique Iglesias
8.8%
Incomplete Sisqo
7.5%
This Is The NightClay Aiken
7%
I Believe Fantasia
5.3%
Come Together.
Have Fun.
All Virtual.
We all need to come together. Play Sporcle's virtual live trivia to have fun, connect with people, and get your trivia on. Join a live hosted trivia game for your favorite pub trivia experience done virtually. If a virtual private party is more your thing, go here for details.

You're not logged in!

Compare scores with friends on all Sporcle quizzes.
OR
Log In

Sporcle TV

Today on Sporcle TV


Watch our educational content, quiz creation guides, and fun videos on Sporcle TV.

Show Comments

Extras

Top Quizzes Today


Score Distribution

Paid Content

Your Account Isn't Verified!

In order to create a playlist on Sporcle, you need to verify the email address you used during registration. Go to your Sporcle Settings to finish the process.

Report this User

Report this user for behavior that violates our Community Guidelines.

Details: